[Event "Moscow-ch sf"]
[Site "Moscow"]
[Date "2011.03.26"]
[Round "8"]
[White "Omariev, Maksim"]
[Black "Shorbatov, Manakhim"]
[Result "1-0"]
[WhiteElo "2340"]
[BlackElo "2195"]
[PlyCount "68"]
[EventDate "2011.03.13"]
[EventType "swiss"]
[EventRounds "9"]
[EventCountry "RUS"]
[SourceTitle "CBM 141 Extra"]
[Source "ChessBase"]
[SourceDate "2011.05.03"]
[SourceVersion "1"]
[SourceVersionDate "2011.05.03"]
[SourceQuality "1"]

1. e4 c5 2. Nf3 a6 3. c4 d6 4. d4 cxd4 5. Nxd4 Nf6 6. Nc3 e6 7. Be2 Be7 8. 0-0 0-0 9. Be3 b6 10. Qd2 Bb7 11. f3 Nbd7 12. a4 Rc8 13. Rfc1 Qc7 14. a5 bxa5 15. Nb3 Qb8 16. Nxa5 Ba8 17. Bf1 Rfe8 18. Bd4 Bd8 19. b4 Bc7 20. g3 Rcd8 21. Rab1 d5 22. exd5 exd5 23. c5 Ne5 24. Qf2 Ne4 25. fxe4 dxe4 26. Be2 e3 27. Bxe3 Nd3 28. Bxd3 Rxd3 29. Nd1 Be4 30. Nc4 h5 31. Nd2 Bc6 32. Rc3 Rxc3 33. Nxc3 Kf8 34. Rf1 f6 1-0

[Event "Moscow op-B 04th"]
[Site "Moscow"]
[Date "2008.02.07"]
[Round "6"]
[White "Shorbatov, Manakhim"]
[Black "Dzhangobegov, Vladimir"]
[Result "0-1"]
[WhiteElo "2232"]
[BlackElo "2154"]
[PlyCount "58"]
[EventDate "2008.02.02"]
[EventType "swiss"]
[EventRounds "9"]
[EventCountry "RUS"]
[SourceTitle "CBM 122 Extra"]
[Source "ChessBase"]
[SourceDate "2008.03.04"]
[SourceVersion "1"]
[SourceVersionDate "2008.03.04"]
[SourceQuality "1"]

1. d4 Nf6 2. Nf3 g6 3. c4 Bg7 4. Nc3 d6 5. e4 0-0 6. Be2 Nbd7 7. 0-0 e5 8. d5 Nc5 9. Qc2 a5 10. Nd2 Bh6 11. b3 Ne8 12. Ba3 f5 13. exf5 gxf5 14. Bb2 Rf6 15. f4 Rg6 16. fxe5 Be3+ 17. Rf2 Bxf2+ 18. Kxf2 dxe5 19. g3 Nd6 20. Nf3 e4 21. Ne5 Rg7 22. Qd2 Qg5 23. Qd4 f4 24. Rg1 f3 25. Qxc5 Qxe5 26. Na4 Qh5 27. h4 fxe2 28. Bxg7 Qf3+ 29. Ke1 e3 0-1

[Event "Moscow-ch op sf"]
[Site "Moscow"]
[Date "2007.03.07"]
[Round "2"]
[White "Pisakov, Ilia"]
[Black "Shorbatov, Manakhim"]
[Result "1/2-1/2"]
[WhiteElo "2379"]
[BlackElo "2179"]
[PlyCount "86"]
[EventDate "2007.03.05"]
[EventType "swiss"]
[EventRounds "9"]
[EventCountry "RUS"]
[SourceTitle "EXT 2022"]
[Source "ChessBase"]
[SourceDate "2021.10.06"]
[SourceVersion "1"]
[SourceVersionDate "2021.10.06"]
[SourceQuality "1"]

1. e4 g6 2. d4 Bg7 3. Nc3 d6 4. f4 Nf6 5. Nf3 0-0 6. Bd3 c5 7. d5 Na6 8. 0-0 Nc7 9. a4 a6 10. Qe2 Bd7 11. a5 Qe8 12. Rb1 Nb5 13. Na4 Nd4 14. Nxd4 Bg4 15. Nf3 Qxa4 16. Bd2 c4 17. Bxc4 Qxc2 18. Bd3 Qc5+ 19. Kh1 Rac8 20. h3 Bxf3 21. Qxf3 Nd7 22. Rfc1 Qa7 23. b4 Qb8 24. Qd1 Qa7 25. Qe2 Qb8 26. Be3 Rxc1+ 27. Rxc1 Rc8 28. Rc4 Rxc4 29. Bxc4 Bc3 30. Bd2 Bxd2 31. Qxd2 Qa7 32. Bb3 Nf6 33. Bc2 Qb8 34. Qc3 Nh5 35. g3 Qe8 36. Kg2 Qd7 37. Bd1 Nf6 38. Qc4 Qd8 39. Bf3 Nd7 40. Bg4 h5 41. Bf3 Qf8 42. g4 Nf6 43. g5 Nd7 1/2-1/2